Normal view
MARC view
- Slopes (Soil mechanics)
Entry Topical Term
001 - CONTROL NUMBER
- control field: 202722
003 - CONTROL NUMBER IDENTIFIER
- control field: KE-NaSUL
005 - DATE AND TIME OF LATEST TRANSACTION
- control field: 20250825235701.0
008 - FIXED-LENGTH DATA ELEMENTS
- fixed length control field: 250825|| aca||aabn | a|a d
040 ## - CATALOGING SOURCE
- Original cataloging agency: KE-NaSUL
- Transcribing agency: KE-NaSUL
150 ## - HEADING--TOPICAL TERM
- Topical term or geographic name as entry element: Slopes (Soil mechanics)
670 ## - SOURCE DATA FOUND
- Source citation: Work cat.: (KE-NaSUL)159963: Hasenkamp, Robert N. 202721, Micropile and ground anchor retaining structures for stabilization of the Blue Trail Landslide /, 2000.